| 000 | 00463nam a2200181Ia 4500 | ||
|---|---|---|---|
| 005 | 20250423100750.0 | ||
| 008 | 250422s9999 xx 000 0 und d | ||
| 020 | _a9789351381785 | ||
| 050 | _aQD 476 .M85/ | ||
| 100 | _aMukherji, S. M. | ||
| 245 | 0 | _aReaction mechanism in organic chemistry | |
| 260 | _aIndia | ||
| 260 | _btrinity press | ||
| 260 | _c2016 | ||
| 300 | _a705 p | ||
| 650 | _a Physical organic chemistry. Chemical reaction | ||
| 942 | _cBK | ||
| 999 |
_c34276 _d34276 |
||